Statistics for Countries that borders Algeria by their official names.

Click here to take the quiz!

General Stats

  • This quiz has been taken 5 times
  • The average score is 4 of 6

Answer Stats

Country% Correct
Kingdom of Morocco
100%
Islamic Republic of Mauritania
75%
Republic of Mali
75%
Republic of Tunisia
75%
Republic of the Niger
50%
State of Libya
50%

Score Distribution

Percentile by Number Answered

Percent of People with Each Score

Your Score History

You have not taken this quiz